<?xml version="1.0" encoding="UTF-8"?>
<collection xmlns="http://www.loc.gov/MARC21/slim">
 <record>
  <leader>01480pamaa2200157   4500</leader>
  <controlfield tag="001">0000023707</controlfield>
  <controlfield tag="005">20110107090000.0</controlfield>
  <datafield tag="020" ind1="0" ind2="0">
   <subfield code="a">[nil] </subfield>
  </datafield>
  <datafield tag="090" ind1="0" ind2="0">
   <subfield code="a">HD29 </subfield>
   <subfield code="b">CON 1998</subfield>
  </datafield>
  <datafield tag="245" ind1="0" ind2="0">
   <subfield code="a">CONFERENCE On migrant workers and the Malaysian economic  </subfield>
   <subfield code="c">organised by  Friedrich Naumann Foundation and Malaysian Institute of Economic Research and Queen's University.</subfield>
  </datafield>
  <datafield tag="260" ind1="0" ind2="0">
   <subfield code="b">Kuala Lumpur, </subfield>
   <subfield code="c">1998.</subfield>
  </datafield>
  <datafield tag="300" ind1=" " ind2=" ">
   <subfield code="a">various pages (3cm thick).</subfield>
  </datafield>
  <datafield tag="500" ind1="0" ind2="0">
   <subfield code="a">Workshop held on 19-20 May 1998 at Dewan raja Laut, 3rd Floor, Quality Hotel City centre, Kuala Lumpur</subfield>
  </datafield>
  <datafield tag="500" ind1="0" ind2="0">
   <subfield code="a">Contents: Japanese experience in handling migrant workers: lessons for Malaysia by M. G Kanbur and Rujhan Mustafa. 2. Profile of foreign migrant workers in Malaysia: towards compiling reliable statistics by Azizah Kassim. 3. Migrant labour: the Singapore experience by yap Mui Teng. 4. The Economic consequences of immigration in Malaysia by Zulkifly Osman, Siti Hajar Ismail and Wook Endut. 5. Migrant labour: lessons from Canadian experience by Don J. De Voretz. 6. Intergenerational impact of increasing female participation in the labour force: impact on the household sector, particularly on children development by Solehah Abdul Hamid and Azleeny Ramly. 7. The Political economy of Intra-Asean labour movements: an overview of issues and implication by Shamsulbahriah Ku Ahmad. 8. AFTA and its implications for labour mobility in Asean by Rajah Rasiah</subfield>
  </datafield>
  <datafield tag="650" ind1="0" ind2="0">
   <subfield code="a">Conference paper </subfield>
  </datafield>
  <datafield tag="650" ind1="0" ind2="0">
   <subfield code="a">Labour -- </subfield>
   <subfield code="x">Migrant -- </subfield>
   <subfield code="z">Malaysia </subfield>
  </datafield>
 </record>
</collection>
